Normal view
MARC view
Entry Personal Name
001 - CONTROL NUMBER
- control field: 15562
003 - CONTROL NUMBER IDENTIFIER
- control field: ARRUPE
005 - DATE AND TIME OF LATEST TRANSACTION
- control field: 20150225171929.0
008 - FIXED-LENGTH DATA ELEMENTS
- fixed length control field: 150225|| aca||aabn | a|a d
040 ## - CATALOGING SOURCE
- Original cataloging agency: ARRUPE
- Transcribing agency: ARRUPE
100 ## - HEADING--PERSONAL NAME
- Personal name: Currie, Gregory (ed.)
670 ## - SOURCE DATA FOUND
- Source citation: Work cat.: (ARRUPE)122035: Lakatos, Imre. 15098, The methodology of scientific research programmes /, 1978.